LEADER 01131nam a2200265 a 4500 001 000000162801 003 CaOOAMICUS 005 20170919170005.0 008 170919s1993 it m 001 u eng r 032 $aLibriCat 040 $aPUL$bita 100 1 $aBrevoort, Anthonius.$0(OLS)http://pul/name/104499 245 14$aThe capuchin mission on Sumatra, 1911-1923 / $cAnthonius Brevoort. 260 $aRoma :$b[s.n.],$c1993. 300 $axix, 274 p. ; $c25 cm. 502 $aTesi -- Pontificia Universitas Gregoriana. Facoltą di Storia Ecclesiastica.1993. 504 $aBibliografia in nota a pič pagina. 610 24$aCappuccini$xMissioni.$0(OLS)http://pul/subject/21524 710 2 $aPontificia Universitą Gregoriana.$bFacoltą di storia ecclesiastica.$kTesi.$0(OLS)http://pul/name/11264 850 $aPUL 852 $aPUL$W1$xDP1 Tesi Pon. Univ. Gregoriana$y40$mTH PUG 3991$j186775$qTesi$B190020$CPULBib$Z2$F190020 $82 941 1 $a16 996 $6245$aThe capuchin mission on Sumatra, 1911-1923 / $9(OLS)http://pul/title/202547 996 $6260$aRoma :$b[s.n.]$9(OLS)http://pul/publisher/47958 LEADER 01532namaa2200337 a 4500 001 000000177103 003 CaOOAMICUS 005 20240718155505.0 008 240718s2023 it 100 u ita r 020 $a979-1-254-82126-8* 032 $aLibriCat 040 $aPUL$bita 082 04$a262.082 111 0 $aLa Chiesa nell'ecclesiologia di Joseph Ratzinger (2022 : Pontificia Universitą della Santa Croce, Roma).$0(OLS)http://pul/name/113856 245 02$aL'ecclesiologia di Joseph Ratzinger /$ca cura di Pietro Luca Azzaro e Philip Goyret. 260 $aRoma :$bEDUSC,$c©2023. 300 $a149 pagine ;$c24 cm 500 $aDati relativi al Convegno tratti dalla quarta di coperta. 504 $aBibliografia in nota. 600 04$aBenedictus PP. XVI,$d1927-2022$xEcclesiologia.$0(OLS)http://pul/subject/39019 650 4$aChiesa Cattolica$xStruttura ed ordinamento.$0(OLS)http://pul/subject/46818 700 1 $aAzzaro, Pierluca,$d1970-$0(OLS)http://pul/name/75473 700 1 $aGoyret, Philip,$d1956-$0(OLS)http://pul/name/40993 850 $aPUL 852 $aPUL$W1$xSL Religione 3$y85$m262. 082 AZZPI 1$j201101$qDDC 21$B206064$CPULBib$Z2$F206064 $H137315 $82 941 1 $a9 996 $6020$a979-1-254-82126-8*$9(OLS)http://pul/number/169963 996 $6082$a262.082$9(OLS)http://pul/classification/2641 996 $6245$aL'ecclesiologia di Joseph Ratzinger$9(OLS)http://pul/title/218623 996 $6260$aRoma :$bEDUSC$9(OLS)http://pul/publisher/79480